Poslední zrada /
Další z řady případů inspektorky Lottie Parkerové. Případ zavražděných děvčat, která v ruce drží stříbrnou minci inspektorku upřímně děsí. O to víc je pak vylekaná, když náhle zmizí její dcery.
Uloženo v:
| Série: | Inspektorka Lottie Parkerová,
část 6 |
|---|---|
| Hlavní autor: | |
| Další autoři: | |
| Médium: | E-kniha |
| Jazyk: | Czech |
| Vydáno: |
Praha :
Euromedia Group,
2023
|
| Vydání: | Vydání první |
| Témata: | |
| Příbuzné jednotky: | Z cyklu::
Inspektorka Lottie Parkerová |
| Tagy: |
Žádné tagy |
| LEADER | 02934nam a2200505 i 4500 | ||
|---|---|---|---|
| 001 | 311875 | ||
| 003 | CZ PrSKC | ||
| 005 | 20260601215713.0 | ||
| 007 | ta | ||
| 008 | 230307s2023 xr g 000 f cze | ||
| 015 | |a cnb003478615 | ||
| 020 | |a 9788024287294 |q (vázáno) | ||
| 035 | |a (OCoLC)1378696243 | ||
| 040 | |a ABG001 |b cze |e rda | ||
| 041 | 1 | |a cze |h eng | |
| 072 | 7 | |a 821.111-3 |x Anglická próza, anglicky psaná |2 Konspekt | |
| 080 | |a 821.111(415)-31 |2 MRF | ||
| 080 | |a (0:82-312.4) |2 MRF | ||
| 100 | 1 | |a Gibney, Patricia, |d 1962- |7 xx0236792 |4 aut | |
| 240 | 1 | 0 | |a Final betrayal. |l Česky |
| 245 | 1 | 0 | |a Poslední zrada / |c Patricia Gibneyová ; přeložila Lenka Faltejsková |
| 250 | |a Vydání první | ||
| 264 | 1 | |a Praha : |b Euromedia Group, |c 2023 | |
| 300 | |a 319 stran ; |c 24 cm | ||
| 336 | |a text |b txt |2 rdacontent | ||
| 337 | |a bez média |b n |2 rdamedia | ||
| 338 | |a svazek |b nc |2 rdacarrier | ||
| 500 | |a "Vydala Euromedia Group, a.s., v edici Kalibr"--Tiráž | ||
| 500 | |a Přeloženo z angličtiny | ||
| 520 | 2 | |a Další z řady případů inspektorky Lottie Parkerové. Případ zavražděných děvčat, která v ruce drží stříbrnou minci inspektorku upřímně děsí. O to víc je pak vylekaná, když náhle zmizí její dcery. |b Když dvě mladé dívky nedorazí z nočního klubu domů, jejich rodiny jsou bez sebe strachy. Z vězení totiž nedávno propustili Conora Dowlinga, muže, který jednu z dívek nenáviděl, protože právě kvůli ní skončil za mřížemi. Bohužel po pár dnech jsou v odlehlém squatu nalezeny obě dívky mrtvé. Mrazivé je nejen to, že jejich těla byla zcela zkrvavená, ale navíc obě v rukou svíraly stříbrné mince. Jaký vzkaz to po sobě vrah zanechává? Všechny stopy ukazují na Conora, ovšem jeho alibi je neprůstřelné. A zatímco se inspektorka Lottie Parkerová pouští do pátrání, v luxusním bytovém komplexu se najdou těla dalších dvou ubodaných dívek. Nakladatelská anotace. | |
| 655 | 7 | |a irské romány (anglicky) |7 fd132475 |2 czenas | |
| 655 | 7 | |a detektivní romány |7 fd132010 |2 czenas | |
| 655 | 7 | |a thrillery (romány) |7 fd184206 |2 czenas | |
| 655 | 9 | |a Irish fiction (English) |2 eczenas | |
| 655 | 9 | |a detective novels |2 eczenas | |
| 655 | 9 | |a thrillers (novels) |2 eczenas | |
| 700 | 1 | |a Faltejsková, Lenka, |d 1974- |7 ola2003191643 |4 trl | |
| 787 | 0 | 8 | |i Z cyklu: |t Inspektorka Lottie Parkerová |g 6 |
| 900 | |a ABA001 |b 21 | ||
| 928 | 9 | |a Euromedia Group - Kalibr | |
| 928 | 9 | |a Kalibr | |
| 044 | |a xr | ||
| 910 | |a RBIT002 | ||
| 998 | |d 371490 |a https://core.palmknihy.cz/api/books/371490/cover?rrtlea |b https://core.palmknihy.cz/api/books/371490/cover/400?rrtlea |c https://core.palmknihy.cz/api/books/371490/cover/50?rrtlea |e 2027-01-11 |g 320 |i 9788024287294 |j https://core.palmknihy.cz/api/books/371490/preview.epub |l |q 49 |r 1 |s https://www.palmknihy.cz/kniha/371490 |t ebook |y 2023 |z 0 |v Inspektorka Lottie Parkerová |w 6 | ||
| 999 | |d 311873 | ||